ARRUPE JESUIT UNIVERSITY

CORONAVIRUS -STOP THE SPREAD - CLEAN,DISINFECT,COVER

Sex, robots & vegan meat : (Record no. 131592)

MARC details
000 -LEADER
fixed length control field 02370cam a22003615i 4500
001 - CONTROL NUMBER
control field 22870384
003 - CONTROL NUMBER IDENTIFIER
control field ARRUPE
005 - DATE AND TIME OF LATEST TRANSACTION
control field 20221129093947.0
008 - FIXED-LENGTH DATA ELEMENTS--GENERAL INFORMATION
fixed length control field 221118t20202020enk e b 000 0 eng
010 ## - LIBRARY OF CONGRESS CONTROL NUMBER
LC control number 2021389683
020 ## - INTERNATIONAL STANDARD BOOK NUMBER
International Standard Book Number 9781509894888
Qualifying information (hardback)
020 ## - INTERNATIONAL STANDARD BOOK NUMBER
International Standard Book Number 1509894888
Qualifying information (hardback)
020 ## - INTERNATIONAL STANDARD BOOK NUMBER
International Standard Book Number 9781509894901
Qualifying information tpb
020 ## - INTERNATIONAL STANDARD BOOK NUMBER
International Standard Book Number 150989490X
028 ## - PUBLISHER NUMBER
Source Arrupe
040 ## - CATALOGING SOURCE
Original cataloging agency DLC
Language of cataloging eng
Description conventions rda
Transcribing agency DLC
042 ## - AUTHENTICATION CODE
Authentication code pcc
300 ## - PHYSICAL DESCRIPTION
Dimensions 24 cm
100 1# - MAIN ENTRY--PERSONAL NAME
Personal name Kleeman, Jenny,
Relator term author.
9 (RLIN) 52063
245 10 - TITLE STATEMENT
Title Sex, robots & vegan meat :
Remainder of title adventures at the frontier of birth, food, sex & death /
Statement of responsibility, etc Jenny Kleeman.
246 3# - VARYING FORM OF TITLE
Title proper/short title Sex, robots and vegan meat
300 ## - PHYSICAL DESCRIPTION
Extent 357 pages ;
504 ## - BIBLIOGRAPHY, ETC. NOTE
Bibliography, etc Includes bibliographical references.
505 0# - FORMATTED CONTENTS NOTE
Formatted contents note The future of sex -- The future of food -- The future of birth -- The future of death.
520 ## - SUMMARY, ETC.
Summary, etc What if we could have babies without having to bear children, eat meat without killing animals, have the perfect sexual relationship without compromise or choose the time of our painless death? To find out, Jenny Kleeman has interviewed a sex robot, eaten a priceless lab-grown chicken nugget, watched foetuses growing in plastic bags and attended members-only meetings where people learn how to kill themselves. Many of the people Kleeman has met say they are finding solutions to problems that have always defined and constricted humankind. But what truly motivates them? What kind of person devotes their life to building a death machine? What kind of customer is desperate to buy an artificially intelligent sex doll and why? Who is campaigning against these advances, and how are they trying to stop them? And what about the many unintended consequences such inventions will inevitably unleash? Sex Robots and Vegan Meat is not science fiction. Its not about what might happen one day - its about what is happening right now, and who is making it happen. In the end, it asks a simple question: are we about to change what it means to be human for ever?
650 #0 - SUBJECT ADDED ENTRY--TOPICAL TERM
Topical term or geographic name as entry element Science
General subdivision Social aspects.
9 (RLIN) 9989
650 #0 - SUBJECT ADDED ENTRY--TOPICAL TERM
Topical term or geographic name as entry element Science
General subdivision Technological innovations.
9 (RLIN) 52064
650 #0 - SUBJECT ADDED ENTRY--TOPICAL TERM
Topical term or geographic name as entry element Technological forecasting.
9 (RLIN) 50885
650 #0 - SUBJECT ADDED ENTRY--TOPICAL TERM
Topical term or geographic name as entry element Forecasting.
9 (RLIN) 50999
650 #0 - SUBJECT ADDED ENTRY--TOPICAL TERM
Topical term or geographic name as entry element Technology transfer.
9 (RLIN) 52065
906 ## - LOCAL DATA ELEMENT F, LDF (RLIN)
a 0
b ibc
c origres
d 3
e ncip
f 20
g y-gencatlg
942 ## - ADDED ENTRY ELEMENTS (KOHA)
Source of classification or shelving scheme Library of Congress Classification
Koha item type Monograph ( Printed materials)

No items available.

 

Arrupe Library. PO Box MP320 Mt Pleasant, Harare, Zimbabwe
263 242 745411|librarian@aju.ac.zw